000 00966cam a22003257a 4500
003 CHAP
005 20220329135048.0
008 971013s1968 r 00010 d
010 _a30331
011 _a31303
035 _a35415
040 _cCHAP
082 _a580
_bC6
110 _aCorner, Edred John Henry
_928077
245 1 4 _aThe life of plants
260 _aNew York :
_bNew American Library,
_c1968
300 _a319 p.
_b: láms. ; ilus.
490 0 _aMentor bork, MW 796
590 _aBATCH-UPD
_b10
_c20130110
_lUCH01
_h1647
590 _aBATCH-UPD
_b10
_c20130410
_lUCH01
_h1037
590 _aBATCH-UPD
_b10
_c20130914
_lUCH01
_h0325
590 _aCONVERSION
_b10
_c20130109
_lUCH01
_h1317
650 1 4 _aAnatomía vegetal.
_95495
650 1 4 _aBotánica.
_914477
650 1 4 _aFisiología vegetal.
_941136
830 0 _aMentor bork, MW 796
_974852
901 _aBK
942 _cLIBRO
949 _a580 C6
_bBC
_cLIBRO
_d-81877
_eLIBRO
_h38785
_i35415
_mD
_si
999 _c30331
_d30331